Call Of Duty BO3 Maps - Statistiques

Statistiques générales
  • Ce quiz a été pris 515 fois
  • Le résultat moyen est 5 sur 13
Statistiques - réponses
Hint Réponse % Correct
N Nuketown
84%
C Combine
57%
F Fringe
57%
A Aquarium
39%
R Redwood
37%
E Evac
35%
B Breach
33%
M Metro
31%
E Exodus
30%
H Havoc
29%
H Hunted
28%
S Stronghold
28%
I Infection
23%
Aucun quiz correspondant
Distribution des résultats
% des personnes avec chaque résultat
Percentile par nombre de réponses
Votre historique - résultats
Vous n’avez pas pris ce quiz